Statistics for Football Clubs All-Time Appearance Record Holders

Click here to take the quiz!

General Stats

  • This quiz has been taken 45 times
  • The average score is 9 of 38

Answer Stats

ClubYears PlayedAppearancesPos.Answer% Correct
AC Milan1984-2009902DFPaolo Maldini
97%
FC Barcelona2004-2021778FWLionel Messi
92%
Atlético Madrid2009-574MFKoke Resurrección
68%
Manchester United1991-2014963MF/WGRyan Giggs
66%
Juventus1993-2012705FWAlessandro del Piero
61%
AS Roma1993-2017786FWFrancesco Totti
61%
Real Madrid1994-2010741FWRaúl González
61%
Inter Milan1995-2014858DF/MFJavier Zanetti
53%
Napoli2007-2019520MFMarek Hamšík
47%
RB Leipzig2013-330FWYussuf Poulsen
45%
Bayern Munich1962-1980700GKSepp Maier
42%
Sevilla2003-'13, 2017-629DF/WGJesús Navas
26%
Borussia Dortmund1981-1998572MFMichael Zorc
18%
São Paulo FC1993-20151197GKRogério Ceni
18%
Arsenal1975-1993724DFDavid O'Leary
13%
Dynamo Kiev1993-2016637GKOleksandr Shovkovskyi
11%
Chelsea1961-1980795DFRon Harris
11%
Lazio2008-416DFStefan Radu
11%
Villarreal2012-444MFManu Trigueros
8%
Ajax Amsterdam1956-1973603WGSjaak Swart
8%
Celtic1957-1975822DFBilly McNeill
5%
Liverpool1960-1978857MFIan Callaghan
5%
Flamengo1974-'84, 1989-'93874DF/MFLéo Júnior
5%
SL Benfica1968-1986575FWNené
5%
Tottenham Hotspur1969-1986854DF/MFSteve Perryman
5%
PSV Eindhoven1964-1981528MF/FWWilly van der Kuijlen
5%
Manchester City1959-1976682MFAlan Oakes
3%
Fluminense1947-1964699GKCarlos Castilho
3%
Club America1974-1992711MFCristóbal Ortega
3%
Valencia1984-1998554MFFernando Gómez
3%
Paris Saint-Germain1975-1989435DFJean-Marc Pilorget
3%
Newcastle United1904-1921496GKJimmy Lawrence
3%
Palmeiras1961-1977366MFAdemir da Guia
0%
CA River Plate1945-1968520GKAmadeo Carrizo
0%
FC Porto1983-1996587DFJoão Pinto
0%
Racing Club1917-1933405FWNatalio Perinetti
0%
Boca Juniors1971-1984426DFRoberto Mouzo
0%
Olympique Lyon1969-1983541MFSerge Chiesa
0%

Score Distribution

Percentile by Number Answered

Percent of People with Each Score

Your Score History

You have not taken this quiz